000 01084nam a2200313 4500
001 179076
003 ES-MaACL
005 20240129115659.0
008 110901s2010 sp |||| | spa d
020 _a978-84-8352-216-5
080 _a294.311.61
080 _a232.33
080 _a28:294.3
100 1 _aSan José Garcés, Pedro.
_9147807
245 1 0 _aDesde ¿quién soy yo? a ¿qué hacer?
_b: un diálogo laico siguiendo a Siddharta Gautama y a Jesús de Nazaret /
_cPedro San José Garcés.
250 _a1ª ed.
260 _aMadrid :
_bMandala,
_c2010.
300 _a292 p. ;
_c23 cm.
490 1 _aEl espíritu de El Bosque
504 _aBibliografía: p. 291-292.
600 0 7 _aBuda.
_9147808
600 1 7 _aJesucristo-
_xEnseñanzas.
_9147809
650 7 _aCristianismo y budismo.
_9147810
650 4 _aVida espiritual.
_912505
830 0 _aEl espíritu de El Bosque
_9224391
852 _aES-MaACL
_9185945
_jA-11465
_bR.146043
_cDEPO1
_dOlim: N-4469
_xDonación: Editorial
942 _2udc
_cMONOGRAFIA
999 _c179076
_d179076